Tedrow's Regulation of Transportation : Practice and Procedure Before the Interstate Commerce Commis (Record no. 5261)

000 -LEADER
fixed length control field 00360nam a2200109Ia 4500
008 - FIXED-LENGTH DATA ELEMENTS--GENERAL INFORMATION
fixed length control field 201210s9999 xx 000 0 und d
100 ## - MAIN ENTRY--PERSONAL NAME
Personal name Fair, Marvin L. and Guandolo, John
245 #0 - TITLE STATEMENT
Title Tedrow's Regulation of Transportation : Practice and Procedure Before the Interstate Commerce Commis
260 ## - PUBLICATION, DISTRIBUTION, ETC.
Place of publication, distribution, etc. Iowa
Name of publisher, distributor, etc. Brown Son & Ferguson
Date of publication, distribution, etc. 1964
300 ## - PHYSICAL DESCRIPTION
Extent 0
942 ## - ADDED ENTRY ELEMENTS (KOHA)
Koha item type Books
Holdings
Withdrawn status Lost status Damaged status Not for loan Permanent Location Date acquired Full call number Barcode Date last seen Price effective from Koha item type
        IMU Kolkata 2020-12-10 385 F163 PM00164 2020-12-10 2020-12-10 Books
Designed and Maintained by IMU-KC Library, Kolkata Campus © Copyright All Rights Reserved

webs counters

Powered by Koha